| 000 | 00792nam a2200217Ia 4500 | ||
|---|---|---|---|
| 003 | GCL | ||
| 008 | 140319s9999 xx 000 0 ara d | ||
| 020 | _a5201291977 | ||
| 040 |
_aGCL / _cGCL |
||
| 082 | 0 | 4 |
_a411.5 _bم هـ |
| 100 | 1 | _aمراد عبدالرحمن مبروك | |
| 245 | 1 | 0 |
_aالهندسة الصوتية الايقاعية فى النص الشعرى / _cمراد عبدالرحمن مبروك |
| 250 | _aالاولى | ||
| 260 |
_aالقاهرة : _bمركز الحضارة العربية للاعلام والنشر ، _c2000 |
||
| 300 |
_a222 ص ؛ _c20 سم |
||
| 650 | 0 | 4 | _aالاوزان الشعرية |
| 650 | 0 | 4 | _aالاصوات اللغوية |
| 650 | 0 | 4 | _aالاوتار الصوتية |
| 650 | 0 | 4 | _aاللغة العربية - النطق |
| 942 |
_2ddc _cBK |
||
| 999 |
_c5444 _d5444 |
||